|
|
|
|
| LEADER |
00000nab a2200000 a 4500 |
| 001 |
vtls008963364 |
| 003 |
SK-MaSNL |
| 005 |
20260303070747.0 |
| 008 |
140402c2007 xo mr|p|||||||000 b|slo |
| 015 |
|
|
|a SNBRB2007/04
|2 snkbucl
|
| 038 |
|
|
|a SNKBUCL
|
| 040 |
|
|
|a SNKBUCL
|b slo
|c SNKBUCL
|e AACR2
|
| 041 |
1 |
|
|a slo
|h scc
|
| 044 |
|
|
|a xo
|c SK
|
| 080 |
|
|
|a 821.163.41 (497.16)-32
|2 2001
|
| 100 |
1 |
|
|a Radulović, Dragan
|d 1966-
|4 aut
|9 1068623
|
| 245 |
1 |
0 |
|a Bussinesman [i.e. Businessman], významný ; Goldengirl, čarodejnica čiernej ekonómie
|c Dragan Radulović ; preložila Katarína Petríková
|
| 650 |
0 |
7 |
|a spoločenské prózy, čiernohorské
|x úry vky
|2 snkbucl
|9 1068624
|
| 740 |
0 |
2 |
|a Goldengirl, čarodejnica čiernej ekonómie
|
| 773 |
0 |
|
|t Romboid+. ARS v Romboide+
|g Roč. XLI/XLII, (2006/2007), s. 56-60
|x 0231-6714
|
| 852 |
|
|
|a SNK
|b KIS3GCP
|
| 958 |
|
|
|a LX
|
| 958 |
|
|
|a YU
|
| 999 |
|
|
|c 1756801
|d 1758731
|